Elementos de análisis económico del derecho de daños : teoría general. Incentivos, eficiencia y fórmulas para la cuantificación de daños en el Código Civil y Comercial Argentino, Ley 26.994 /

Guardado en:
Autor Principal: Acciarri, Hugo A.
Formato: Libro
Idioma:Spanish
Publicado: Buenos Aires : La Ley, 2015
Materias:
Etiquetas: Agregar Etiqueta
Sin Etiquetas, Sea el primero en etiquetar este registro!
LEADER 00582nam a22001455a 4500
001 DER.der012960
008 180615s2015####ag#||||||||||||||#||spa||
005 20251202133840.0
245 1 0 |a Elementos de análisis económico del derecho de daños :  |b teoría general. Incentivos, eficiencia y fórmulas para la cuantificación de daños en el Código Civil y Comercial Argentino, Ley 26.994 /  |c Hugo A. Acciarri. 
260 |a Buenos Aires :  |b La Ley,  |c 2015 
300 |a 487 p. 
020 |a 9789870329473 
100 1 |a Acciarri, Hugo A. 
650 7 |a DAÑOS 
859 |a DERECHO  |b BIB. DERECHO  |h 346  |i ACC  |p 007798